| Поле | Инд. | ПП | Название | Значение |
|---|---|---|---|---|
| Тип записи | a | |||
| Библиографический уровень | b | |||
| 001 | Контрольный номер | RU/IS/BASE/293124065 | ||
| 005 | Дата корректировки | 20220715140330.0 | ||
| 008 | Кодируемые данные | 20090415 | ||
| 040 | b | Код языка каталог. | rus | |
| e | Правила каталог. | PSBO | ||
| 041 | 0_ | a | Код языка текста | rus |
| 084 | a | Индекс другой классификации/Индекс ББК | 60.561.51 | |
| 100 | 1_ | a | Автор | Вдовина М. В. |
| q | Полное имя | Вдовина Маргарита Владимировна | ||
| 245 | 10 | a | Заглавие | Регулирование межпоколенческого конфликта в семье |
| 504 | a | Библиография | Библиогр. ссылки. - Примеч. | |
| 650 | 14 | a | Основная рубрика | социология |
| a | Основная рубрика | социология семьи | ||
| 653 | a | Ключевые слова | межпоколенные конфликты | |
| a | Ключевые слова | межпоколенческие отношения | ||
| a | Ключевые слова | Россия | ||
| a | Ключевые слова | семейные конфликты | ||
| a | Ключевые слова | семейные отношения | ||
| a | Ключевые слова | семья | ||
| a | Ключевые слова | урегулирование конфликтов | ||
| 773 | 08 | t | Заглавие источника | Вестник Московского университета. Серия 18, Социология и политология |
| d | Дата издания источника | 2008 | ||
| g | Прочая информация | № 4. - С. 70 - 82 | ||
| w | Контрольный № источника | RU/IS/BASE/292076337 | ||
| 901 | t | Тип документа | b |